TOP 100 FOOTBALL PLAYERS 2024 - Statistiques

Statistiques générales
  • Ce quiz a été pris 1 746 fois
  • Le résultat moyen est 36 sur 100
Statistiques - réponses
% Correct
1 Kylian Mbappé
98%
100 Lionel Messi
94%
56 Cristiano Ronaldo
93%
2 Vinicius JR
87%
5 Erling Haaland
85%
3 Jude Bellingham
78%
6 Rodri
76%
4 Kevin De Bruyne
69%
16 Ousmane Dembelé
68%
7 Harry Kane
66%
11 Mohamed Salah
66%
44 Rodrygo
64%
29 Thibaut Courtois
63%
25 Antoine Griezmann
62%
97 Robert Lewandowski
59%
8 Phil Foden
55%
12 Toni Kroos
55%
83 Pedri
53%
85 Dani Carvajal
52%
18 Antonio Rudiger
51%
17 Lautaro Martinez
50%
23 Virgil Van Dijk
50%
92 Karim Benzema
49%
64 Gianluigi Donnarumma
48%
14 Vitinha
48%
15 Bukayo Saka
47%
96 Ederson
47%
53 Bradley Barcola
46%
42 Eduardo Camavinga
46%
67 Aurélien Tchouameni
45%
13 Jamal Musiala
45%
70 Alisson
44%
38 Ruben Dias
44%
34 Achraf Hakimi
43%
33 Manuel Neuer
43%
24 William Saliba
43%
9 Florian Wirtz
41%
10 Cole Palmer
40%
19 Federico Valverde
40%
57 Théo Hernandez
40%
68 Lucas Hernandez
39%
48 Marquinhos
38%
47 Mike Maignan
37%
30 Bruno Fernandes
36%
28 Rafael Leao
36%
46 Martin Odegaard
35%
86 Olivier Giroud
35%
76 Nuno Mendes
34%
61 Ferland Mendy
33%
21 Joshua Kimmich
33%
71 Kyle Walker
33%
37 Leroy Sané
33%
75 Marcus Thuram
32%
36 Heung-Min Son
31%
43 Julian Alvarez
30%
54 Frenkie De Jong
29%
45 Trent Alexander-Arnold
29%
55 Declan Rice
28%
31 Jeremie Frimpong
27%
60 Ronald Araujo
26%
98 Darwin Nunez
25%
22 Victor Osimhen
25%
27 Alejandro Grimaldo
24%
20 Ilkay Gundogan
24%
82 Kingsley Coman
24%
72 Jeremy Doku
23%
32 Warren Zaire-Emery
22%
49 Alphonso Davies
21%
39 Jan Oblak
21%
58 Kai Havertz
20%
51 Nicolo Barella
20%
94 Adrien Rabiot
19%
69 Alexandre Lacazette
19%
65 Alexis Macallister
19%
26 Jadon Sancho
19%
84 Michael Olise
19%
89 Dusan Vlahovic
18%
50 Granit Xhaka
18%
35 Mats Hummels
18%
62 Pierre-Emerick Aubameyang
18%
41 Joao Cancelo
17%
78 Paulo Dybala
17%
77 Riyad Mahrez
16%
88 Karim Adeyemi
15%
99 Victor Boniface
15%
63 Alessandro Bastoni
14%
81 Jonathan Tah
13%
40 Kvicha Kvaratskhelia
13%
73 Olie Watkins
12%
87 Ademola Lookman
11%
93 Endrick
11%
95 Lucas Paqueta
9%
52 Bruno Guimaraes
8%
91 Dominik Szoboszlai
7%
74 Reece James
7%
90 Nico Schlotterbeck
6%
79 Bremer
5%
59 Giovanni Di Lorenzo
5%
66 Jarrod Bowen
4%
80 Lenny Yoro
4%
Aucun quiz correspondant
Distribution des résultats
% des personnes avec chaque résultat
Percentile par nombre de réponses
Votre historique - résultats
Vous n’avez pas pris ce quiz